TEXT BOOK OF GENERAL KNOWLEDGE (Record no. 135019)
[ view plain ]
| 000 -LEADER | |
|---|---|
| fixed length control field | 00466nam a22001817a 4500 |
| 003 - CONTROL NUMBER IDENTIFIER | |
| control field | OSt |
| 005 - DATE AND TIME OF LATEST TRANSACTION | |
| control field | 20221110093853.0 |
| 008 - FIXED-LENGTH DATA ELEMENTS--GENERAL INFORMATION | |
| fixed length control field | 221110b |||||||| |||| 00| 0 eng d |
| 040 ## - CATALOGING SOURCE | |
| Transcribing agency | SBCL |
| 082 ## - DEWEY DECIMAL CLASSIFICATION NUMBER | |
| Classification number | 001.2 |
| Item number | KHO-T |
| 100 ## - MAIN ENTRY--PERSONAL NAME | |
| Personal name | KHOSLA,A N |
| 245 ## - TITLE STATEMENT | |
| Title | TEXT BOOK OF GENERAL KNOWLEDGE |
| 260 ## - PUBLICATION, DISTRIBUTION, ETC. | |
| Place of publication, distribution, etc. | LAHORE |
| Name of publisher, distributor, etc. | A N KHOSLA |
| Date of publication, distribution, etc. | 1942 |
| 300 ## - PHYSICAL DESCRIPTION | |
| Extent | 589P. |
| 630 ## - SUBJECT ADDED ENTRY--UNIFORM TITLE | |
| General subdivision | GENERAL STACK |
| 650 ## - SUBJECT ADDED ENTRY--TOPICAL TERM | |
| Topical term or geographic name entry element | Knowledge |
| 942 ## - ADDED ENTRY ELEMENTS (KOHA) | |
| Koha item type | BOOK |
| 650 ## - SUBJECT ADDED ENTRY--TOPICAL TERM | |
| Source of heading or term | Computer science, information & general works |
| Withdrawn status | Lost status | Source of classification or shelving scheme | Damaged status | Not for loan | Home library | Current library | Date acquired | Total Checkouts | Full call number | Barcode | Shelving location | Date last seen | Price effective from | Koha item type |
|---|---|---|---|---|---|---|---|---|---|---|---|---|---|---|
| Dewey Decimal Classification | SB LIBRARY | SB LIBRARY | 10/11/2022 | 001.2 KHO-T | 10446 | GENERAL STACK | 10/11/2022 | 10/11/2022 | BOOK |